Statistiken für Alle "Bad"-Städte Deutschlands

Klicken Sie hier um das Quiz zu spielen!

Allgemein

  • Dieses Quiz wurde 462 mal gespielt
    (408 seit der letzten Aktualisierung)
  • Das Durchschnittsergebnis liegt bei 24 aus 109

Antwortstatistiken

EinwohnerStadtBL% Korrekt
55.527Baden-BadenBW
65%
54.144Bad Homburg vor der HöheHE
54%
51.695Bad KreuznachRP
54%
22.619Bad KissingenBY
52%
18.576Bad DürkheimRP
44%
48.803Bad OeynhausenNW
44%
24.841Bad OldesloeSH
43%
9.761Bad EmsRP
41%
19.061Bad TölzBY
41%
30.101Bad HersfeldHE
40%
32.777Bad NauheimHE
40%
17.529Bad SegebergSH
40%
23.036Bad Soden am TaunusHE
40%
54.074Bad SalzuflenNW
39%
15.277Bad Neustadt an der SaaleBY
36%
18.456Bad ReichenhallBY
35%
26.550Bad Neuenahr-AhrweilerRP
34%
17.157Bad LangensalzaTH
33%
34.905Bad VilbelHE
33%
20.264Bad SchwartauSH
32%
24.247Bad MergentheimBW
31%
22.976Bad SalzungenTH
31%
18.709Bad BerleburgNW
30%
15.825Bad ArolsenHE
29%
12.752Bad DoberanMV
29%
10.333Bad OrbHE
28%
16.648Bad WörishofenBY
28%
17.152Bad MünstereifelNW
27%
17.231Bad WildungenHE
27%
21.754Bad HarzburgNI
26%
19.285Bad PyrmontNI
26%
3.423Bad SchandauSN
25%
19.164Bad AiblingBY
24%
15.948Bad BentheimNI
24%
17.586Bad SaulgauBW
24%
8.454Bad BergzabernRP
23%
9.861Bad KönigHE
23%
21.876Bad RappenauBW
23%
8.478Bad Sooden-AllendorfHE
23%
25.738Bad HonnefNW
22%
15.149Bad BramstedtSH
21%
8.131Bad HerrenalbBW
21%
21.029Bad KrozingenBW
21%
16.424Bad LippspringeNW
21%
10.481Bad StaffelsteinBY
21%
10.397Bad WildbadBW
21%
7.286Bad WimpfenBW
21%
19.834Aue-Bad SchlemaSN
20%
11.053Bad BelzigBB
20%
6.535Bad BrückenauBY
20%
14.158Bad CambergHE
20%
19.505Bad FriedrichshallBW
20%
9.476Bad GandersheimNI
20%
10.290Bad Lauterberg im HarzNI
20%
8.925Bad SchussenriedBW
20%
11.277Bad SchwalbachHE
20%
16.899Heilbad HeiligenstadtTH
20%
13.540Bad Soden-SalmünsterHE
19%
12.371Bad WindsheimBY
19%
9.400Bad BevensenNI
18%
3.597Bad KarlshafenHE
18%
5.745Bad LobensteinTH
18%
12.561Bad UrachBW
18%
7.379Bad BerkaTH
17%
7.700Bad LiebensteinTH
17%
9.242Bad LiebenwerdaBB
17%
7.791Bad DübenSN
16%
13.397Bad DürrheimBW
16%
9.951Bad Frankenhausen/KyffhäuserTH
16%
12.231Bad Freienwalde (Oder)BB
16%
13.337Bad LaaspheNW
16%
7.322Bad SachsaNI
16%
7.695Bad SulzaTH
16%
9.671Bad BreisigRP
15%
18.985Bad DriburgNW
15%
17.447Bad Münder am DeisterNI
15%
3.669Bad MuskauSN
15%
11.189Bad NenndorfNI
15%
1.758Bad SülzeMV
15%
6.075Bad BlankenburgTH
14%
10.559Bad IburgNI
14%
14.827Bad WurzachBW
14%
11.389Bad DürrenbergST
13%
12.209Bad FallingbostelNI
13%
5.964Bad Königshofen im GrabfeldBY
13%
6.406Bad RodachBY
13%
17.552Bad SäckingenBW
13%
20.175Bad WaldseeBW
13%
3.389Bad KöstritzTH
12%
8.113Bad LausickSN
12%
4.405Bad BuchauBW
11%
3.610Bad ElsterSN
11%
9.047Bad Griesbach im RottalBY
11%
2.452Bad TennstedtTH
11%
17.142Horn-Bad MeinbergNW
11%
5.974Bad HönningenRP
10%
9.712Bad LiebenzellBW
10%
6.137Bad Marienberg (Westerwald)RP
10%
2.536Bad WilsnackBB
10%
4.418Bad Berneck im FichtelgebirgeBY
9%
5.542Bad Gottleuba-BerggießhübelSN
9%
13.266Bad SalzdetfurthNI
9%
6.479Bad SobernheimRP
9%
2.644Bad BibraST
8%
8.849Bad LauchstädtST
8%
8.093Bad SchmiedebergST
7%
3.175Bad Teinach-ZavelsteinBW
7%
7.346Bad KötztingBY
6%
12.202Bad WünnenbergNW
5%

Verteilung der Resultate

Perzentil nach korrekt beantworteten Fragen

Anzahl Personen mit jedem Resultat

Ihre Resultats-Entwicklung

Sie haben dieses Quiz seit der letzten Aktualisierung nicht gespielt